000
00407nam a2200145Ia 4500
008
090122s9999 xx 000 0 und d
082
_b
10737
100
_a
कुकडे
_b
"सुमती,"
_c
देवळाणकर
245
_a
न्यहारी
600
_a
कुकडे
630
_a
न्यहारी
700
_a
कुकडे
730
_a
न्यहारी
942
_c
BOOK
999
_c
34814
_d
34814